000 01803nam0a2200349 4500
001 RU\NLR\bibl\96403
005 20250617081839.0
010 _a5-8206-0077-0
_93000
021 _aRU
_b2000-9918
_9493
035 _a(NLR Aleph) 000094230
090 _a529743
_c529743
100 _a20000707d2000 |||y0rusy50 ca
101 0 _arus
102 _aRU
105 _aa z |||||
200 1 _aМашиностроительные расчеты в среде EXCEL 97/2000
_e[Для специалистов, студентов техн. вузов и техникумов]
_fАлександр Дубина
210 _aСПб. и др.
_cBHV-Санкт-Петербург
_d2000
215 _a416 с.
_cил.
_d23
225 1 _aМастер
_eПракт. руководство
320 _aБиблиогр.: с. 415-416 (18 назв.)
606 0 _aДетали машин
_jРуководства, пособия и т.п.
_xПроектирование
_xАвтоматизация
_9949227
_3RU\NLR\auth\66352567
606 0 _aДетали машин
_jУчебные издания
_xПроектирование
_xАвтоматизация
_9949227
_3RU\NLR\auth\66352567
606 0 _aMICROSOFT EXCEL, электронные таблицы
_jРуководства, пособия и т.п.
_xИспользование в машиностроении
_92177284
_3RU\NLR\auth\661309492
606 0 _aMICROSOFT EXCEL, электронные таблицы
_jУчебные издания
_xИспользование в машиностроении
_92177284
_3RU\NLR\auth\661309492
686 _aК42-5-05я7
700 1 _aДубина
_bА. Г.
_4070
801 0 _aRU
_bNLR
_c20000707
_gPSBO
801 1 _aRU
_bNLR
_c20000707
852 _aNLR
_j2000-7/975
942 _cBOOK
980 _aNB